The pocket guide to ciudad Trujillo / (Record no. 26555)
[ view plain ]
| 000 -CABECERA | |
|---|---|
| campo de control de longitud fija | 00516nam a2200169 a 4500 |
| 001 - NÚMERO DE CONTROL | |
| campo de control | 000027063 |
| 005 - FECHA Y HORA DE LA ÚLTIMA TRANSACCIÓN | |
| campo de control | 20200930030559.0 |
| 008 - DATOS DE LONGITUD FIJA--INFORMACIÓN GENERAL | |
| campo de control de longitud fija | 110329s1951 dr a 000 0 eng d |
| 040 ## - FUENTE DE LA CATALOGACIÓN | |
| Centro catalogador/agencia de origen | DO-SdBNP |
| Lengua de catalogación | eng |
| Centro/agencia transcriptor | BNPHU |
| 082 ## - NÚMERO DE LA CLASIFICACIÓN DECIMAL DEWEY | |
| Número de clasificación | xxxx |
| Número de documento/Ítem | P171p |
| 049 ## - FONDOS LOCALES (OCLC) | |
| Fondos de biblioteca | BNPD |
| 100 1# - ENTRADA PRINCIPAL--NOMBRE DE PERSONA | |
| Nombre de persona | Palm, Erwin Walter |
| 9 (RLIN) | 54148 |
| 245 10 - MENCIÓN DE TÍTULO | |
| Título | The pocket guide to ciudad Trujillo / |
| Mención de responsabilidad, etc. | Erwin Walter Palm. |
| 260 ## - PUBLICACIÓN, DISTRIBUCIÓN, ETC. | |
| Lugar de publicación, distribución, etc. | Ciudad Trujillo, República Dominicana, |
| Fecha de publicación, distribución, etc. | 1951. |
| 300 ## - DESCRIPCIÓN FÍSICA | |
| Extensión | 54 p. : |
| Otras características físicas | il. ; |
| Dimensiones | 20 cm. |
| 500 ## - NOTA GENERAL | |
| Nota general | Incluye notas al pie de las páginas |
| Estado de retiro | Estado de pérdida | Restricciones de uso | No para préstamo | Código de colección | Localización permanente | Ubicación/localización actual | Ubicación en estantería | Fecha de adquisición | Número de inventario | Total de préstamos | Signatura topográfica completa | Código de barras | Fecha visto por última vez | Precio válido a partir de | Tipo de ítem Koha |
|---|---|---|---|---|---|---|---|---|---|---|---|---|---|---|---|
| Excluido de préstamo | Raros y valiosos | Patrimonio Dominicano | Patrimonio Dominicano | Depósito | 29.03.2011 | LF1 | xxxx P171p | 27063-10 | 25.06.2020 | 25.06.2020 | No se presta |
